|
|
|
|
| LEADER |
00000ny a22000003n 4500 |
| 005 |
20110511110027.0 |
| 008 |
771026d19631992at qr p 0 a0eng d |
| 010 |
|
|
|a sf 94000001
|z sn 86008815
|
| 022 |
|
|
|a 1039-1010
|
| 035 |
|
|
|a 2878
|
| 040 |
|
|
|a CtY
|c CtY
|d vLex
|
| 090 |
|
|
|c 1623
|d 1623
|
| 245 |
3 |
0 |
|a Arena magazine
|h [Recurso electrn̤ico]
|
| 246 |
3 |
3 |
|a Arena magazine (Melbourne, Vic.)
|
| 256 |
|
|
|a Servicio en ln̕ea.
|
| 260 |
|
|
|a Greensborough [Australia]:
|b Arena Printing and Publications Pty. Ltd.
|
| 310 |
|
|
|a Anual
|
| 506 |
1 |
|
|a Contenido solo disponible en los productos indicados
|d vLex Global
|d vLex Global (Academic Edition, excluding Law Schools)
|d vLex Global (Academic Edition, Law Schools)
|
| 651 |
|
4 |
|a Australia
|x Condiciones sociales
|x Publicaciones Perid̤icas
|
| 740 |
0 |
|
|a vLex Revista (Servicios en ln̕ea)
|
| 780 |
0 |
0 |
|t Arena
|x 0004-0932
|
| 785 |
0 |
0 |
|t Arena journal
|x 1320-6567
|
| 843 |
|
|
|a Electrn̤ica. Cerrada.
|
| 853 |
|
|
|8 1
|i (year)
|j (month)
|k (day)
|
| 856 |
4 |
0 |
|z Acceso restringido
|u http://vlex.com/account/login_ip?fuente_id=2878
|
| 942 |
|
|
|c REV
|
| 999 |
|
0 |
|a Australia
|v Periodicals.
|
| 999 |
|
0 |
|a Communism
|v Periodicals.
|
| 999 |
|
0 |
|a Literature
|v Periodicals.
|
| 999 |
|
0 |
|a Socialism
|v Periodicals.
|